The blue nowhere [Large Print] / Jeffery Deaver.
Available copies
- 1 of 1 copy available at LARL/NWRL Consortium.
Current holds
0 current holds with 1 total copy.
View other formats and editions
Show Only Available Copies
| Location | Call Number / Copy Notes | Barcode | Shelving Location | Status | Due Date |
|---|---|---|---|---|---|
| Roseau Public Library | lp DEA (Text) | 35500003185715 | Main | Available | - |
Record details
- ISBN: 074321336X (lg. print)
- Physical Description: 598 p. (large print) ; 24 cm.
- Edition: Large print ed.
- Publisher: New York : Simon & Schuster, c2001.
Search for related items by subject
| Subject: | Computer hackers > Fiction. California > Fiction. |
| Genre: | Large type books. Mystery fiction. |
| LDR | 00894cam a2200265Ia 4500 | ||
|---|---|---|---|
| 001 | 34834 | ||
| 003 | LARL_NWRL_CONSORTIUM | ||
| 005 | 20010618140518.0 | ||
| 008 | 010424s2001 nyu d 000 1 eng d | ||
| 020 | . | ‡a074321336X (lg. print) | |
| 035 | . | ‡a(OCoLC)46804119 | |
| 040 | . | ‡aOLN ‡cOLN ‡dJED ‡dOCL ‡dWRJ ‡dKRL | |
| 043 | . | ‡an-us-ca | |
| 092 | . | ‡aLARGE PRINT FICTION | |
| 100 | 1 | . | ‡aDeaver, Jeffery. ‡0(LARL_NWRL_CONSORTIUM)74745 |
| 245 | 1 | 4. | ‡aThe blue nowhere ‡h[Large Print] / ‡cJeffery Deaver. |
| 250 | . | ‡aLarge print ed. | |
| 260 | . | ‡aNew York : ‡bSimon & Schuster, ‡cc2001. | |
| 300 | . | ‡a598 p. (large print) ; ‡c24 cm. | |
| 650 | 0. | ‡aComputer hackers ‡vFiction. ‡0(LARL_NWRL_CONSORTIUM)171591 | |
| 651 | 0. | ‡aCalifornia ‡vFiction. ‡0(LARL_NWRL_CONSORTIUM)164052 | |
| 655 | 0. | ‡aLarge type books. | |
| 655 | 7. | ‡aMystery fiction. ‡2gsafd | |
| 901 | . | ‡a34834 ‡bOCLC ‡c34834 ‡tbiblio | |

Add to basket
Permalink
Disable Highlighting